000 00696nam a2200229Ia 4500
005 20250425162845.0
008 250425s9999 xx 000 0 und d
020 _a8484762513
041 _aspa
082 _a631.34
_pSER
100 _aSerrano Cermeño, Zoilo
245 0 _aConstrucción de invernaderos
_cZoilo Serrano Cermeño
250 _aTercera edición
260 _aMadrid
_bEdiciones Mundi-Prensa
_c2005
300 _a504 páginas
_bilustraciones
_c24 cm.
650 _aConstrucciones Agrícolas
650 _aInvernaderos - Diseño y Construcción
650 _aSistema de Climatización - Invernaderos
902 _aMonográfico
_cImpreso
942 _c01
010 _a114414
999 _c237848
_d237848